000 00521nam a22001817a 4500
005 20251108164400.0
008 250721s2000 xx 000 0 ara d
082 1 4 _a613/قمش
100 1 _aالقمش، مصطفى
245 1 0 _aمبادىء الصحة العامة /
264 1 _aعمان :
_bدار الفكر للطباعة،
_c2000.
300 _a240ص.
650 1 7 _aالصحة العامة
700 1 _aالمعايطة، خليل
700 1 _aمخامرة، سحر
942 _2ddc
_cBK
999 _c10779
_d10779